Concise dictionary English-English : (Record no. 94300)

MARC details
000 -LEADER
fixed length control field 00665nam a22001937a 4500
005 - DATE AND TIME OF LATEST TRANSACTION
control field 20221215105659.0
010 ## - LCCN (DPL NO)
LC control number ENG-113291 ENG-135869
020 ## - INTERNATIONAL STANDARD BOOK NUMBER
Terms of availability 275.00
International Standard Book Number 9350571358
020 ## - INTERNATIONAL STANDARD BOOK NUMBER
Terms of availability 275.00
International Standard Book Number 9789350571354
035 ## - SYSTEM CONTROL NUMBER
System control number EN-96823
035 ## - SYSTEM CONTROL NUMBER
System control number EN-119401
037 ## - SOURCE OF ACQUISITION
Source of stock number/acquisition DBAD/PUB
082 ## - DEWEY DECIMAL CLASSIFICATION NUMBER
Classification number 483
245 ## - TITLE STATEMENT
Title Concise dictionary English-English :
Remainder of title a perfect reference tool for aspirants of competitive examinations, educationists, students and general readers
260 ## - PUBLICATION, DISTRIBUTION, ETC. (IMPRINT)
Place of publication, distribution, etc New Delhi
Name of publisher, distributor, etc V & S Publishers
Date of publication, distribution, etc 2014
270 ## - ADDRESS
Address F-2/16, Ansari Road, Daryaganj
City New Delhi
Postal code 110002
300 ## - PHYSICAL DESCRIPTION
Extent 845p.
Dimensions 24cm(pbk)
942 ## - ADDED ENTRY ELEMENTS (KOHA)
Source of classification or shelving scheme Dewey Decimal Classification
Item type English Books
Call number suffix CON
Classification part 483
Holdings
Withdrawn status Lost status Not for loan Collection code Home library Current library Date acquired Source of acquisition Cost, normal purchase price Full call number Barcode Copy number Cost, replacement price Koha item type
    Not For Loan Non-fiction D.B.Act.Division D.B.Act.Division 16/06/2015 DBAD/PUB 275.00 483 CON EN-96823 1 275.00 English Books
      Non-fiction R.K.Puram-8 R.K.Puram-8 15/12/2022 DBAD/PUB 275.00 483 CON EN-119401 2 275.00 English Books

© Delhi Public Library
Hit Counter
free hit counter